| Tag |
First Indicator |
Second Indicator |
Subfields |
| LEADER |
00000pam a2200000 a 4500 |
| 001 |
in00000084315 |
| 005 |
20151008061325.0 |
| 008 |
810427s1982 nyua 00110 eng |
| 010 |
|
|
|a 81006203
|
| 020 |
|
|
|a 003056218X
|
| 035 |
|
|
|a (OCoLC)07552379
|
| 035 |
|
|
|9 AAJ7814AM
|
| 039 |
0 |
|
|a 2
|b 3
|c 3
|d 3
|e 3
|
| 040 |
|
|
|a DLC
|c DLC
|d TXA
|d UtOrBLW
|
| 049 |
|
|
|a TXAM
|c [1387583]
|
| 050 |
0 |
0 |
|a BC177
|b .W74
|
| 082 |
0 |
|
|a 160
|2 19
|
| 100 |
1 |
|
|a Wright, Larry.
|
| 245 |
1 |
0 |
|a Better reasoning :
|b techniques for handling argument, evidence, and abstraction /
|c Larry Wright.
|
| 264 |
|
1 |
|a New York :
|b Holt, Rinehart, and Winston,
|c [1982]
|
| 264 |
|
4 |
|c ©1982
|
| 300 |
|
|
|a ix, 321 pages :
|b illustrations ;
|c 25 cm.
|
| 336 |
|
|
|a text
|b txt
|2 rdacontent
|
| 337 |
|
|
|a unmediated
|b n
|2 rdamedia
|
| 338 |
|
|
|a volume
|b nc
|2 rdacarrier
|
| 500 |
|
|
|a Includes index.
|
| 650 |
|
0 |
|a Reasoning.
|
| 650 |
|
0 |
|a Evidence.
|
| 650 |
|
0 |
|a Abstraction.
|
| 650 |
|
0 |
|a Analysis (Philosophy)
|
| 999 |
|
|
|a MARS
|
| 999 |
f |
f |
|s c5a1f5ee-d065-3d20-a939-ebee08f4377c
|i 81f31822-08cd-3fc0-992a-fa86b86ca107
|t 0
|
| 952 |
f |
f |
|p ric
|a Texas A&M University
|b Rellis Campus
|c Joint Library Facility
|d Remote Storage
|t 0
|e BC177 .W74
|h Library of Congress classification
|i unmediated -- volume
|m A14806085429
|
| 998 |
f |
f |
|a BC177 .W74
|t 0
|l Remote Storage
|